| 000 | 00753nam a2200229 a 4500 | ||
|---|---|---|---|
| 999 |
_c3154 _d3154 |
||
| 001 | 3154 | ||
| 003 | BD-JhCC | ||
| 005 | 20220602134022.0 | ||
| 008 | 171111s2015 bg a|||| |||| 000 0 ben d | ||
| 020 | _a9789843394392 | ||
| 035 | _a(BD-JhCC)3154 | ||
| 040 |
_aBD-JhCC _dBD-JhCC |
||
| 041 | _aben | ||
| 082 |
_a378.196 _bAZA 2015 |
||
| 100 | _aআজম, শফিকুল | ||
| 245 |
_aক্যাডেট কলেজ শিক্ষা : _bস্বরুপ ও স্বাতন্ত্র্য / _cশফিকুল আজম. |
||
| 260 |
_aঢাকা : _bনব অভিযান প্রকাশনী, _c2015. |
||
| 300 |
_a252 p. : _bill., _c22 cm. |
||
| 650 | _aCadet College Education. | ||
| 942 |
_2ddc _cBK _06 |
||